<?xml version="1.0" encoding="UTF-8"?><?xml-stylesheet type="text/xsl" href="static/style.xsl"?><OAI-PMH xmlns="http://www.openarchives.org/OAI/2.0/" xmlns:xsi="http://www.w3.org/2001/XMLSchema-instance" xsi:schemaLocation="http://www.openarchives.org/OAI/2.0/ http://www.openarchives.org/OAI/2.0/OAI-PMH.xsd"><responseDate>2026-06-07T19:59:02Z</responseDate><request verb="GetRecord" identifier="oai:docta.ucm.es:20.500.14352/104873" metadataPrefix="marc">https://docta.ucm.es/rest/oai/request</request><GetRecord><record><header><identifier>oai:docta.ucm.es:20.500.14352/104873</identifier><datestamp>2025-03-18T13:30:29Z</datestamp><setSpec>com_20.500.14352_1</setSpec><setSpec>col_20.500.14352_5</setSpec></header><metadata><record xmlns="http://www.loc.gov/MARC21/slim" xmlns:dcterms="http://purl.org/dc/terms/" xmlns:xsi="http://www.w3.org/2001/XMLSchema-instance" xmlns:doc="http://www.lyncode.com/xoai" xsi:schemaLocation="http://www.loc.gov/MARC21/slim http://www.loc.gov/standards/marcxml/schema/MARC21slim.xsd">
   <leader>00925njm 22002777a 4500</leader>
   <datafield ind2=" " ind1=" " tag="042">
      <subfield code="a">dc</subfield>
   </datafield>
   <datafield ind2=" " ind1=" " tag="720">
      <subfield code="a">Duñaiturria Laguarda, Alicia</subfield>
      <subfield code="e">author</subfield>
   </datafield>
   <datafield ind2=" " ind1=" " tag="720">
      <subfield code="a">Medina Plana, Raquel</subfield>
      <subfield code="e">author</subfield>
   </datafield>
   <datafield ind2=" " ind1=" " tag="720">
      <subfield code="a">Pacetti, Iago</subfield>
      <subfield code="e">author</subfield>
   </datafield>
   <datafield ind2=" " ind1=" " tag="720">
      <subfield code="a">Carretero González, Cristina</subfield>
      <subfield code="e">author</subfield>
   </datafield>
   <datafield ind2=" " ind1=" " tag="720">
      <subfield code="a">Santos Graes, Isabel María</subfield>
      <subfield code="e">author</subfield>
   </datafield>
   <datafield ind2=" " ind1=" " tag="720">
      <subfield code="a">Sáenz de Pipaón, Leyre</subfield>
      <subfield code="e">author</subfield>
   </datafield>
   <datafield ind2=" " ind1=" " tag="720">
      <subfield code="a">Herranz Torres, Alberto</subfield>
      <subfield code="e">author</subfield>
   </datafield>
   <datafield ind2=" " ind1=" " tag="720">
      <subfield code="a">Villarroel, Darío</subfield>
      <subfield code="e">author</subfield>
   </datafield>
   <datafield ind2=" " ind1=" " tag="720">
      <subfield code="a">Badía, Javier</subfield>
      <subfield code="e">author</subfield>
   </datafield>
   <datafield ind2=" " ind1=" " tag="720">
      <subfield code="a">Grau Celma, Ramiro</subfield>
      <subfield code="e">author</subfield>
   </datafield>
   <datafield ind2=" " ind1=" " tag="720">
      <subfield code="a">García León, Susana</subfield>
      <subfield code="e">author</subfield>
   </datafield>
   <datafield ind2=" " ind1=" " tag="720">
      <subfield code="a">Herrero Medina, Miguel</subfield>
      <subfield code="e">author</subfield>
   </datafield>
   <datafield ind2=" " ind1=" " tag="720">
      <subfield code="a">Madrid Cruz, María Dolores</subfield>
      <subfield code="e">author</subfield>
   </datafield>
   <datafield ind2=" " ind1=" " tag="720">
      <subfield code="a">Torquemada Sánchez, María Jesús</subfield>
      <subfield code="e">author</subfield>
   </datafield>
   <datafield ind2=" " ind1=" " tag="720">
      <subfield code="a">García Gérboles, Lorna</subfield>
      <subfield code="e">author</subfield>
   </datafield>
   <datafield ind2=" " ind1=" " tag="260">
      <subfield code="c">2024-06-11</subfield>
   </datafield>
   <datafield ind2=" " ind1=" " tag="520">
      <subfield code="a">El proyecto de innovación docente Grandes Libros en la facultad de Derecho nació con la vocación de incrementar la lectura reflexiva, el razonamiento y el debate crítico -propio de las Humanidades- en el campo del Derecho. Profesores y alumnos de Grado en Derecho y de la Universidad de Mayores de la UCM se han reunido durante 14 sesiones para reflexionar acerca de una lectura previamente escogida. La Universidad en general carece de este tipo de iniciativas, salvo en Filología, pero son totalmente desconocidas en el mundo del Derecho. Con esta idea lo que pretendíamos era acercar el fenómeno jurídico al lego en esta disciplina, así como dar "otra visión" del Derecho al alumno que está cursando estos estudios. La literatura permite ahondar en la experiencia subjetiva de un hecho social y jurídico (la angustia ante un juicio, un problema de herencia, un gobierno autoritario, una experiencia carcelaria traumática, una muerte...) y por ello, fomenta la interacción, al vivir como propio experiencias jurídicas ajenas. De esta manera y casi sin darse cuenta, el alumno penetra en el problema y lo hace suyo, planteándose posibles soluciones en diferentes contextos.
El proyecto buscaba, además, un encuentro intergeneracional, que ha sido sumamente enriquecedor. Los alumnos de Grado y los alumnos senior han convivido en un entorno universitario, sin presión académica, para aprender o mejorar la oratoria, la retórica, la capacidad de reflexión y el debate crítico y sereno. Cada sesión era precedida por un profesor ponente, que, tras una breve introducción dirigía y conducía las intervenciones de alumnos y el debate final. Este proyecto se ha visto reconocido con su renovación para el curso siguiente</subfield>
   </datafield>
   <datafield ind1="8" ind2=" " tag="024">
      <subfield code="a">https://hdl.handle.net/20.500.14352/104873</subfield>
   </datafield>
   <datafield ind1="8" ind2=" " tag="024">
      <subfield code="a">PIMCD160/23-24</subfield>
   </datafield>
   <datafield ind2="0" ind1="0" tag="245">
      <subfield code="a">Grandes libros en la facultad de Derecho</subfield>
   </datafield>
</record></metadata></record></GetRecord></OAI-PMH>